000 00380nam a2200145Ia 4500
008 150201s2002 xx 000 0 und d
082 _a617.69
_bC2002F
100 _aH.R.B.FENN
245 _aCLINICAL DENTAL PROSTHETICS
250 _a1ST
260 _bC.B.S PUBLISHERS & DISTRIBUTERS
_aSAHDARA (NEW DELHI)
_c2002
300 _a1-836
650 _aPROSTHODONTICS
942 _2ddc
_cBK
999 _c2747
_d2747